000 00536nam a2200181Ia 4500
001 24839
005 20260414151110.0
008 260414t2024||||xx |||||||||||||| ||spa||
041 _aESP
082 _a346
_bE88
100 _aEspinoza Espinoza, Juan,
_eAUT
245 0 _a40 años del código civil peruano :
_bvolución de la dogmática nacional: entre cambios legislativos y orientaciones jurisprudenciales
260 _c2024
300 _a942 páginas :
_c25 cm.
650 _aDER
654 _aCDE
942 _cLIB
_dJUS
_fJUS
_2ddc
_n
999 _c24839
_d24839